[Event "Colmenarejo Autumn op 29th"]
[Site "Colmenarejo"]
[Date "2019.09.29"]
[Round "3"]
[White "Garcia Diaz, Alejandro"]
[Black "Liceras Ruiz, Manuel"]
[Result "0-1"]
[WhiteElo "1819"]
[BlackElo "1606"]
[PlyCount "87"]
[EventDate "2019.09.15"]
[EventType "swiss"]
[EventRounds "7"]
[EventCountry "ESP"]
[SourceTitle "EXT 2021"]
[Source "ChessBase"]
[SourceDate "2020.10.23"]
[SourceVersion "1"]
[SourceVersionDate "2020.10.23"]
[SourceQuality "1"]

1. e4 c5 2. c3 Nf6 3. e5 Nd5 4. d4 cxd4 5. cxd4 d6 6. Bc4 Nb6 7. Bb3 dxe5 8. dxe5 Qxd1+ 9. Bxd1 Bf5 10. Nf3 Nc6 11. 0-0 e6 12. Nc3 a6 13. Be2 Be7 14. Bf4 0-0 15. Rfd1 Rfd8 16. Rac1 h6 17. h3 Rac8 18. a3 Rxd1+ 19. Rxd1 Rd8 20. Rxd8+ Bxd8 21. g4 Bh7 22. Nd1 Nd7 23. Ne3 b5 24. a4 bxa4 25. Bxa6 Be4 26. Nd2 Bd5 27. Nxd5 exd5 28. Nf3 Bc7 29. e6 Bxf4 30. exd7 Bc7 31. Bb5 Nb8 32. Bxa4 Kf8 33. Nd4 g6 34. Nb5 Bb6 35. Nd6 Bc7 36. Nc8 Na6 37. Kf1 f6 38. Bb5 Nb8 39. Ke2 Kf7 40. Na7 Ke6 41. Kd3 Nxd7 42. Kd4 Bb6+ 43. Kd3 Bxa7 44. b4 0-1

[Event "Colmenarejo Spring op"]
[Site "Colmenarejo"]
[Date "2019.06.16"]
[Round "6.6"]
[White "Garcia Diaz, Alejandro"]
[Black "Olmedo Alvarez, Jesus"]
[Result "1-0"]
[WhiteElo "1794"]
[BlackElo "1336"]
[PlyCount "83"]
[EventDate "2019.05.05"]
[EventType "swiss"]
[EventRounds "7"]
[EventCountry "ESP"]
[SourceTitle "EXT 2024"]
[Source "ChessBase"]
[SourceDate "2023.10.10"]
[SourceVersion "1"]
[SourceVersionDate "2023.10.10"]
[SourceQuality "1"]

1. e4 e6 2. d4 d5 3. Nc3 Nf6 4. Bg5 Be7 5. Bxf6 Bxf6 6. e5 Be7 7. Qg4 g6 8. Nf3 Nc6 9. a3 b6 10. Bd3 Bb7 11. 0-0 Qd7 12. b4 0-0-0 13. Rfb1 Rdg8 14. Qf4 Bd8 15. Qe3 g5 16. Bb5 g4 17. Ne1 Qe7 18. Bxc6 Bxc6 19. b5 Bb7 20. a4 h5 21. a5 Kb8 22. axb6 cxb6 23. Ra2 h4 24. Rba1 g3 25. fxg3 hxg3 26. h3 Qg5 27. Qf3 f6 28. Nd3 fxe5 29. Nxe5 Qd2 30. Rd1 Qf2+ 31. Qxf2 gxf2+ 32. Kxf2 Bh4+ 33. Kg1 Rh7 34. Rf1 Be7 35. Nd7+ Kc7 36. Rxa7 Kxd7 37. Rxb7+ Kc8 38. Rxb6 Kc7 39. Rxe6 Rhg7 40. Nxd5+ Kd7 41. Re2 Ba3 42. Nf6+ 1-0

[Event "Colmenarejo Spring op"]
[Site "Colmenarejo"]
[Date "2019.05.12"]
[Round "2.1"]
[White "Garcia Diaz, Alejandro"]
[Black "Lopez Perolio, Jorge"]
[Result "1-0"]
[WhiteElo "1794"]
[BlackElo "1937"]
[PlyCount "110"]
[EventDate "2019.05.05"]
[EventType "swiss"]
[EventRounds "7"]
[EventCountry "ESP"]
[SourceTitle "EXT 2024"]
[Source "ChessBase"]
[SourceDate "2023.10.10"]
[SourceVersion "1"]
[SourceVersionDate "2023.10.10"]
[SourceQuality "1"]

1. e4 e5 2. Nf3 Nc6 3. d4 exd4 4. Nxd4 Bc5 5. Nb3 Bb6 6. Be2 Nf6 7. Nc3 a6 8. Bg5 h6 9. Bh4 g5 10. Bg3 d6 11. h4 g4 12. h5 Be6 13. Bh4 Ne5 14. Qd2 Qe7 15. 0-0-0 Bxb3 16. axb3 Qe6 17. Bxf6 Qxf6 18. Nd5 Qg5 19. Qxg5 hxg5 20. Nxb6 cxb6 21. Rxd6 b5 22. f3 gxf3 23. gxf3 Ke7 24. Rd5 f6 25. Kd2 Rac8 26. c3 Ng6 27. h6 Nf4 28. Rd4 Rh7 29. c4 Ne6 30. Rd5 Nf4 31. Rd4 b4 32. c5 Rxc5 33. Bc4 b5 34. Bg8 Rh8 35. h7 Ng6 36. Ke3 Ne5 37. Rhd1 Rc2 38. Rd6 Rc6 39. Rxc6 Nxc6 40. f4 gxf4+ 41. Kxf4 Ne5 42. Kf5 a5 43. Rc1 a4 44. Rc7+ Kd6 45. Ra7 Nc6 46. Ra6 Kc5 47. Kxf6 Nb8 48. Ra8 Nd7+ 49. Kg7 Rxh7+ 50. Kxh7 Nb6 51. Ra6 axb3 52. Bxb3 Nc4 53. Bxc4 bxc4 54. Kg6 c3 55. bxc3 bxc3 1-0

[Event "Colmenarejo Autumn op 25th"]
[Site "Colmenarejo"]
[Date "2018.10.14"]
[Round "5"]
[White "Garcia Diaz, Alejandro"]
[Black "Minguez Greciano, Iluminada"]
[Result "0-1"]
[WhiteElo "1791"]
[BlackElo "1854"]
[PlyCount "76"]
[EventDate "2018.09.16"]
[EventType "swiss"]
[EventRounds "7"]
[EventCountry "ESP"]
[SourceTitle "CBM 187 Extra"]
[Source "ChessBase"]
[SourceDate "2018.11.04"]
[SourceVersion "1"]
[SourceVersionDate "2018.11.04"]
[SourceQuality "1"]

1. e4 c6 2. Nc3 d5 3. Nf3 Nf6 4. exd5 cxd5 5. d4 Nc6 6. Bb5 Bd7 7. 0-0 e6 8. Re1 Be7 9. Ne5 0-0 10. a3 Rc8 11. Bxc6 Bxc6 12. Re3 g6 13. Rg3 Ne8 14. Bh6 Ng7 15. Qd2 f6 16. Nf3 Rf7 17. Bxg7 Rxg7 18. Re1 Bd7 19. Re2 Qf8 20. h4 Qf7 21. Nh2 Bd6 22. Ng4 Kh8 23. Rf3 f5 24. Ne5 Qf6 25. Qf4 Bc7 26. Rh3 Be8 27. g4 g5 28. hxg5 Rxg5 29. f3 Qg7 30. Reh2 h5 31. Kf2 fxg4 32. fxg4 Bxe5 33. dxe5 Rxg4 34. Qe3 d4 35. Qd3 dxc3 36. bxc3 Bg6 37. Qd6 Rf8+ 38. Ke2 Qf7 0-1

[Event "Colmenarejo Autumn op 25th"]
[Site "Colmenarejo"]
[Date "2018.10.07"]
[Round "4"]
[White "Fernandez Estremera, Fernando"]
[Black "Garcia Diaz, Alejandro"]
[Result "0-1"]
[WhiteElo "1830"]
[BlackElo "1791"]
[PlyCount "66"]
[EventDate "2018.09.16"]
[EventType "swiss"]
[EventRounds "7"]
[EventCountry "ESP"]
[SourceTitle "CBM 187 Extra"]
[Source "ChessBase"]
[SourceDate "2018.11.04"]
[SourceVersion "1"]
[SourceVersionDate "2018.11.04"]
[SourceQuality "1"]

1. d4 Nf6 2. Nc3 d5 3. Bg5 Nbd7 4. Qd3 h6 5. Bxf6 Nxf6 6. Nf3 e6 7. e4 a6 8. 0-0-0 Bb4 9. exd5 Nxd5 10. Nxd5 Qxd5 11. Kb1 b5 12. Be2 0-0 13. Ne5 Rb8 14. Bf3 Qd6 15. Nc6 Rb6 16. a3 Rxc6 17. Bxc6 Bxa3 18. Qxa3 Qxc6 19. g4 Bb7 20. Rhg1 Qb6 21. g5 h5 22. g6 fxg6 23. Qd3 Bf3 24. Qxg6 Rf7 25. Rd2 Bd5 26. Rd3 b4 27. Rg5 Qc6 28. Re3 a5 29. f4 a4 30. Rxh5 Rxf4 31. Qg1 Qc4 32. b3 Rf1+ 33. Ka2 Qxc2# 0-1

[Event "Colmenarejo Autumn op"]
[Site "Colmenarejo"]
[Date "2016.10.09"]
[Round "3"]
[White "Garcia Diaz, Alejandro"]
[Black "Blanco Ruiz, Cesar"]
[Result "1-0"]
[WhiteElo "1771"]
[BlackElo "1539"]
[PlyCount "75"]
[EventDate "2016.09.25"]
[EventType "swiss"]
[EventRounds "7"]
[EventCountry "ESP"]
[SourceTitle "EXT 2019"]
[Source "ChessBase"]
[SourceDate "2018.10.10"]
[SourceVersion "1"]
[SourceVersionDate "2018.10.10"]
[SourceQuality "1"]

1. e4 e6 2. d4 d5 3. Nd2 Be7 4. e5 c5 5. c3 Nh6 6. dxc5 Nc6 7. Ndf3 Bxc5 8. Bxh6 gxh6 9. b4 Bf8 10. Bd3 Qc7 11. Bb5 Bd7 12. Bxc6 bxc6 13. Ne2 a5 14. bxa5 c5 15. 0-0 Bg7 16. Re1 0-0 17. Ng3 Rxa5 18. Nh5 Rfa8 19. Qd2 Ra4 20. h3 Bb5 21. Nf6+ Bxf6 22. exf6 Qf4 23. Re3 Qxf6 24. Nh2 Kh8 25. Rf3 Qg5 26. Qb2 Bc4 27. Rxf7 Rg8 28. g3 h5 29. Qb7 Bd3 30. Nf3 Qh6 31. Ne5 Bf5 32. Rxf5 Rxg3+ 33. fxg3 Qe3+ 34. Rf2 Qxg3+ 35. Rg2 Qe3+ 36. Kh2 h6 37. Qc8+ Kh7 38. Qg8# 1-0

[Event "Colmenarejo Autumn op"]
[Site "Colmenarejo"]
[Date "2015.10.29"]
[Round "7"]
[White "Garcia Diaz, Alejandro"]
[Black "Laveda Ayllon, Jose David"]
[Result "1-0"]
[WhiteElo "1770"]
[BlackElo "1695"]
[PlyCount "72"]
[EventDate "2015.09.20"]
[EventType "swiss"]
[EventRounds "7"]
[EventCountry "ESP"]
[SourceTitle "EXT 2019"]
[Source "ChessBase"]
[SourceDate "2018.10.10"]
[SourceVersion "1"]
[SourceVersionDate "2018.10.10"]
[SourceQuality "1"]

1. e4 c5 2. Nf3 d6 3. d4 cxd4 4. Nxd4 Nf6 5. Nc3 a6 6. Bc4 e5 7. Nf3 Be6 8. Qe2 Nbd7 9. Bxe6 fxe6 10. Ng5 Qe7 11. Qc4 d5 12. exd5 Nb6 13. d6 Nxc4 14. dxe7 Kxe7 15. b3 Nd6 16. Ba3 h6 17. Nf3 Nd7 18. 0-0-0 Kf7 19. Bxd6 Bxd6 20. Rxd6 Rhd8 21. Rxd7+ Rxd7 22. Nxe5+ Ke7 23. Nxd7 Kxd7 24. Rd1+ Kc6 25. Ne2 Rf8 26. f3 e5 27. Nc3 b5 28. Ne4 g5 29. Rd6+ Kb7 30. Rxh6 g4 31. Rf6 Rg8 32. fxg4 Rxg4 33. Nc5+ Kc8 34. Rf2 a5 35. h3 Rh4 36. Re2 a4 1-0

[Event "Colmenarejo Autumn op"]
[Site "Colmenarejo"]
[Date "2015.10.18"]
[Round "5"]
[White "Garcia Diaz, Alejandro"]
[Black "Rijpkema, Rimme"]
[Result "1-0"]
[WhiteElo "1770"]
[BlackElo "1586"]
[PlyCount "41"]
[EventDate "2015.09.20"]
[EventType "swiss"]
[EventRounds "7"]
[EventCountry "ESP"]
[SourceTitle "EXT 2019"]
[Source "ChessBase"]
[SourceDate "2018.10.10"]
[SourceVersion "1"]
[SourceVersionDate "2018.10.10"]
[SourceQuality "1"]

1. e4 e6 2. d4 b6 3. c4 Bb7 4. Nc3 Nf6 5. e5 Ne4 6. Nxe4 Bxe4 7. a3 d6 8. Qg4 Bf5 9. Qf3 Nd7 10. Bf4 dxe5 11. dxe5 c5 12. Rd1 Rc8 13. Ne2 h5 14. h4 Qc7 15. Qe3 Be7 16. Ng3 Bg6 17. Be2 0-0 18. Nxh5 Qd8 19. Bg5 Bxg5 20. hxg5 Qe7 21. Rxd7 1-0

[Event "Colmenarejo Autumn op"]
[Site "Colmenarejo"]
[Date "2014.10.12"]
[Round "3"]
[White "Calle Redondo, Daniel"]
[Black "Garcia Diaz, Alejandro"]
[Result "0-1"]
[WhiteElo "1478"]
[BlackElo "1816"]
[PlyCount "52"]
[EventDate "2014.09.28"]
[EventType "swiss"]
[EventRounds "7"]
[EventCountry "ESP"]
[SourceTitle "EXT 2019"]
[Source "ChessBase"]
[SourceDate "2018.10.10"]
[SourceVersion "1"]
[SourceVersionDate "2018.10.10"]
[SourceQuality "1"]

1. e4 e6 2. d4 d5 3. exd5 exd5 4. Bd3 Nc6 5. Ne2 Nb4 6. Bf4 Nxd3+ 7. Qxd3 Nf6 8. Nd2 Bd6 9. 0-0-0 0-0 10. h4 Bxf4 11. Nxf4 Qd6 12. g3 b6 13. h5 h6 14. f3 c5 15. c3 a5 16. dxc5 bxc5 17. Nc4 Qc7 18. Nxd5 Nxd5 19. Qxd5 Be6 20. Qe5 Qc6 21. Nd2 Bxa2 22. b3 a4 23. Kb2 axb3 24. g4 Rfe8 25. Qf4 Qa6 26. Nxb3 Qa3+ 0-1

[Event "Colmenarejo Otono op 11th"]
[Site "Colmenarejo"]
[Date "2013.11.17"]
[Round "7.1"]
[White "Lopez Perolio, Jorge"]
[Black "Garcia Diaz, Alejandro"]
[Result "1-0"]
[WhiteElo "1815"]
[BlackElo "1795"]
[PlyCount "90"]
[EventDate "2013.10.06"]
[EventType "swiss"]
[EventRounds "7"]
[EventCountry "ESP"]
[SourceTitle "EXT 2024"]
[Source "ChessBase"]
[SourceDate "2023.10.10"]
[SourceVersion "1"]
[SourceVersionDate "2023.10.10"]
[SourceQuality "1"]

1. Nf3 Nf6 2. d4 g6 3. g3 Bg7 4. Bg2 c5 5. 0-0 cxd4 6. Nxd4 Nc6 7. c4 0-0 8. Nc3 Qb6 9. Nb3 d6 10. e4 Bg4 11. Nd5 Nxd5 12. Qxg4 Ndb4 13. Qd1 Ne5 14. Be3 Qc7 15. c5 dxc5 16. Bxc5 Nbd3 17. Bd4 Rfd8 18. Qe2 Qc4 19. Bc3 Rd7 20. f4 Nc6 21. Bh3 e6 22. e5 Rad8 23. Bg2 Qa6 24. h3 Qb6+ 25. Kh2 Bf8 26. Nd2 Bg7 27. Ne4 Ndb4 28. Nd6 Bf8 29. Ne4 Nd5 30. a3 Bg7 31. Be1 Nd4 32. Qf2 Rc8 33. Nc3 Bf8 34. Nxd5 exd5 35. Bc3 Bc5 36. b4 Nb3 37. bxc5 Rxc5 38. Bd4 Nxd4 39. Qxd4 Qc6 40. Rfd1 Rc2 41. Rd2 Rc4 42. Qf2 Qa4 43. Bxd5 Rxd5 44. Rxd5 Rc2 45. Rd2 Qe4 1-0

[Event "Villalba op 1st"]
[Site "Villalba"]
[Date "2013.08.03"]
[Round "8.32"]
[White "Garcia Diaz, Alejandro"]
[Black "Ojosnegros Martin, Angel"]
[Result "1-0"]
[WhiteElo "1811"]
[BlackElo "1505"]
[PlyCount "105"]
[EventDate "2013.07.27"]
[EventType "swiss"]
[EventRounds "9"]
[EventCountry "ESP"]
[SourceTitle "EXT 2024"]
[Source "ChessBase"]
[SourceDate "2023.10.10"]
[SourceVersion "1"]
[SourceVersionDate "2023.10.10"]
[SourceQuality "1"]

1. e4 e5 2. Nf3 Nc6 3. d4 exd4 4. Nxd4 Bc5 5. Be3 Bb6 6. Nxc6 bxc6 7. Qd2 Ne7 8. Bd3 0-0 9. 0-0 d5 10. exd5 cxd5 11. Bg5 f6 12. Bf4 a5 13. Nc3 Ba6 14. Bxa6 Rxa6 15. Qd3 Ra8 16. Rad1 c6 17. Rfe1 Ng6 18. Bg3 Ne5 19. Qf5 Qc8 20. Qxc8 Raxc8 21. b3 Rfe8 22. Na4 Ba7 23. Kf1 g5 24. f3 h5 25. Bf2 Bxf2 26. Kxf2 f5 27. Nc5 Ng6 28. Ne6 Re7 29. Nxg5 Rce8 30. Rxe7 Rxe7 31. Re1 Rxe1 32. Kxe1 Kg7 33. Ne6+ Kf6 34. Nd8 c5 35. Nb7 c4 36. Nxa5 cxb3 37. axb3 Ke5 38. Kd2 Kd4 39. Nc6+ Kc5 40. Nd8 h4 41. g3 Ne5 42. Ke3 hxg3 43. hxg3 Kb4 44. Kf4 Ng6+ 45. Kxf5 Ne7+ 46. Ke6 Ng8 47. Kxd5 Kc3 48. f4 Kxc2 49. b4 Nf6+ 50. Kc6 Nh5 51. b5 Nxg3 52. b6 Nf5 53. b7 1-0

[Event "Villalba op 1st"]
[Site "Villalba"]
[Date "2013.07.31"]
[Round "5.23"]
[White "Garcia Diaz, Alejandro"]
[Black "Orantes Sanz, Ricardo"]
[Result "0-1"]
[WhiteElo "1811"]
[BlackElo "1600"]
[PlyCount "70"]
[EventDate "2013.07.27"]
[EventType "swiss"]
[EventRounds "9"]
[EventCountry "ESP"]
[SourceTitle "EXT 2024"]
[Source "ChessBase"]
[SourceDate "2023.10.10"]
[SourceVersion "1"]
[SourceVersionDate "2023.10.10"]
[SourceQuality "1"]

1. e4 Nf6 2. e5 Nd5 3. d4 d6 4. Nf3 Nc6 5. c4 Nb6 6. d5 Nxe5 7. Nxe5 dxe5 8. Qh5 Qd6 9. Nc3 g6 10. Qe2 Nd7 11. Bd2 Bg7 12. a3 0-0 13. Nb5 Qb6 14. Be3 c5 15. dxc6 Qxc6 16. Nxa7 Qa4 17. Nb5 f5 18. Qd2 f4 19. Qd5+ Kh8 20. Bd2 Ra6 21. Be2 Rc6 22. Nc3 Qc2 23. Rb1 Nc5 24. 0-0 Be6 25. Qf3 e4 26. Nxe4 Nxe4 27. Bd3 Nxd2 28. Qe2 f3 29. Qe3 Nxc4 30. Qxe6 Qxd3 31. Qxe7 Nd2 32. Rbd1 fxg2 33. Kxg2 Qf3+ 34. Kg1 Nxf1 35. Rxf1 Rc4 0-1

[Event "Colmenarejo Spring op 8th"]
[Site "Colmenarejo"]
[Date "2013.04.28"]
[Round "3.1"]
[White "Serrano Martinez, Francisco Jose"]
[Black "Garcia Diaz, Alejandro"]
[Result "1-0"]
[WhiteElo "1946"]
[BlackElo "1774"]
[PlyCount "113"]
[EventDate "2013.04.14"]
[EventType "swiss"]
[EventRounds "7"]
[EventCountry "ESP"]
[SourceTitle "EXT 2024"]
[Source "ChessBase"]
[SourceDate "2023.10.10"]
[SourceVersion "1"]
[SourceVersionDate "2023.10.10"]
[SourceQuality "1"]

1. d4 Nf6 2. c4 g6 3. Nc3 d5 4. cxd5 Nxd5 5. e4 Nxc3 6. bxc3 Bg7 7. Bc4 c5 8. Be3 0-0 9. Ne2 cxd4 10. cxd4 Nc6 11. 0-0 Na5 12. Rc1 Nxc4 13. Rxc4 b5 14. Rc5 Bb7 15. d5 a6 16. Qc2 Rc8 17. Rc1 Be5 18. Rxc8 Bxc8 19. Bf4 Bxf4 20. Nxf4 Qd6 21. Nd3 f5 22. f3 fxe4 23. fxe4 Bd7 24. Qb3 Qb6+ 25. Kh1 Qe3 26. Rg1 Rc8 27. Re1 Qd2 28. Rd1 Rf8 29. d6+ e6 30. Ne5 Qxd6 31. Nxd7 Qxd7 32. h3 Qc6 33. Qd3 a5 34. Qe3 Qc4 35. Rc1 Qxa2 36. Qa7 Qd2 37. Qc5 b4 38. Qc6 Rf2 39. Rg1 Qa2 40. Rd1 Qe2 41. Rg1 Qa2 42. Rd1 a4 43. Qd6 Qc4 44. Qb8+ Rf8 45. Qa7 Rf1+ 46. Rxf1 Qxf1+ 47. Kh2 Qf4+ 48. Kh1 a3 49. Qa8+ Qf8 50. Qc6 Qe7 51. Qc8+ Kg7 52. Qc4 Qd6 53. Qb3 Kf7 54. Qc2 Qd4 55. Qc7+ Kf6 56. Qb8 a2 57. Qh8+ 1-0

[Event "Galapagar op 09th"]
[Site "Galapagar"]
[Date "2008.07.24"]
[Round "6"]
[White "Garcia Diaz, Alejandro"]
[Black "Tome Salvador, Jose Antonio"]
[Result "1/2-1/2"]
[WhiteElo "1780"]
[BlackElo "1815"]
[PlyCount "81"]
[EventDate "2008.07.19"]
[EventType "swiss"]
[EventRounds "9"]
[EventCountry "ESP"]
[SourceTitle "EXT 2009"]
[Source "ChessBase"]
[SourceDate "2008.11.26"]
[SourceVersion "1"]
[SourceVersionDate "2008.11.26"]
[SourceQuality "1"]

1. e4 e5 2. Nf3 Nf6 3. Nc3 Nc6 4. Bb5 d6 5. h3 Bd7 6. 0-0 Be7 7. d3 a6 8. Ba4 b5 9. Bb3 Na5 10. Be3 0-0 11. Qd2 Nxb3 12. axb3 c6 13. Ne2 Nh5 14. Rfd1 f5 15. exf5 Bxf5 16. g4 Be6 17. Ng5 Bxg5 18. Bxg5 Nf6 19. Ng3 h6 20. Be3 Nd5 21. c4 Nf4 22. Bxf4 exf4 23. Nh5 Qg5 24. Qe2 Rae8 25. Qf3 g6 26. Kh2 gxh5 27. gxh5 Kh8 28. Rg1 Qf5 29. Rg6 Rf6 30. Rag1 Rg8 31. Rxg8+ Bxg8 32. Qxc6 bxc4 33. dxc4 d5 34. Qe8 Rf8 35. Qe7 Qf6 36. Qe2 f3 37. Qe3 dxc4 38. Rg3 cxb3 39. Kg1 Qe6 40. Qd4+ Qf6 41. Qe3 1/2-1/2